Štampovka rezinoj i židkostju /

Salvato in:
Dettagli Bibliografici
Autore principale: Isačenkov, E.I (Autore)
Natura: Libro
Lingua:russo
Pubblicazione: Moskva : Mašinostrojenije, 1967
Soggetti:
Tags: Aggiungi Tag
Nessun Tag, puoi essere il primo ad aggiungerne!!

MARC

LEADER 00000nam a22000003a 4500
001 stu37223
005 20150617225702.1
008 920706s1967----xxr-----------------rus-d
040 |a STU  |b slo 
041 0 |a rus 
044 |a xxr 
080 |a 621.98  |7 stu_us_auth*stu3202 
100 1 |a Isačenkov, E.I  |4 aut 
245 1 |a Štampovka rezinoj i židkostju /  |c [aut.]E.I. Isačenkov 
260 |a Moskva :  |b Mašinostrojenije,  |c 1967 
300 |a 366 s 
650 7 |a lisovanie  |2 stusub 
996 |b 284M062192  |c M*3423-1  |l MMKN  |s A  |a 24  |w stu37223_0001